000 00574nam a2200229Ia 4500
003 OSt
005 20220924150727.0
006 a|||||r|||| 00| 0
007 ta
008 220923b |||||||| |||| 00| 0 tel d
024 _a334377
037 _cTextual
040 _aARTS
_cARTS
_btel
041 _2tel
_atel
082 _a035,2MVA,1, F9
100 _aVaralakshmamna Au.
_9222804
245 0 _aJyoti
260 _c1929
650 _aTELUGU DRAMA
_9173432
942 _h035,2MVA,1, F9
_cTEXL
_2CC
999 _c464331
_d464331